| 000 | 00514nam a2200169Ia 4500 | ||
|---|---|---|---|
| 003 | GCL | ||
| 008 | 140319s9999 xx 000 0 ara d | ||
| 040 |
_aGCL / _cGCL |
||
| 082 | 0 | 4 |
_a338.0962 _bع م |
| 100 | 1 | _aعبدالوهاب ابراهيم | |
| 245 | 1 | 0 |
_aمستقبل التنمية فى مصر / _cعبدالوهاب ابراهيم |
| 300 | _a206 ص | ||
| 490 | _a | ||
| 650 | 0 | 4 | _aمصر - الاحوال الاقتصادية |
| 650 | 0 | 4 | _aمصر - التنمية الاقتصادية |
| 942 |
_2ddc _cBK |
||
| 999 |
_c39009 _d39009 |
||